Movies Quiz

Random Movies or Famous Quiz

Follow That Line: Movie Edition (Clickable) Quiz Stats

 Plays Quiz not verified by Sporcle

Challenge
Share
Tweet
Embed
Score 0/20 Timer 05:00
0 Plays Today
% Correct
Dead Poets Society
80.8%
Forrest Gump
79%
Ferris Bueller's Day Off
72%
The Princess Bride
58%
The Breakfast Club
43.2%
Inception
38.6%
Harry Potter
37.7%
Fight Club
35.6%
A Cinderella Story
26.1%
10 Things I Hate About You
24.9%
% Correct
Hitch
24.2%
The Ugly Truth
22.4%
Eternal Sunshine of the Spotless Mind
19.8%
Ever After
19.6%
John Tucker Must Die
18.7%
Ghosts of Girlfriends Past
18.5%
Just Married
13.4%
The Departed
13.4%
Chasing Liberty
11.3%
Alice In Wonderland
9.9%

You're not logged in!

Compare scores with friends on all Sporcle quizzes.
Join for Free
OR
Log In

You Might Also Like...

Show Comments

Extras

Top Quizzes Today


Score Distribution

Your Account Isn't Verified!

In order to create a playlist on Sporcle, you need to verify the email address you used during registration. Go to your Sporcle Settings to finish the process.

Report this User

Report this user for behavior that violates our Community Guidelines.

Details: